000 00492nam a2200181Ia 4500
005 20250326141707.0
008 250326s9999 xx 000 0 und d
037 _aTextbook
040 _aFMSL
_beng
_cFMSL
041 _aeng
_2eng
084 _qFMSL
100 _aBuchholz' Rogene A
245 0 _aEssentials of public policy for management
_cBuchholz' Rogene A
260 _aEnglewood
_bEnglewood, Prentice Hall
_c1990
300 _a281p
942 _cTB
999 _c1291529
_d1291529